|
|
|
|
| LEADER |
00000ny a22000003n 4500 |
| 005 |
20110614135627.0 |
| 008 |
081020s2008 sp 000 0 spa d |
| 017 |
|
|
|a D.L.B17622-08
|
| 020 |
|
|
|a 9788476988107
|
| 035 |
|
|
|a 3349
|
| 040 |
|
|
|a SpMaUCDE
|d vLex
|
| 080 |
|
|
|a 347.921.6(460)
|
| 090 |
|
|
|c 674
|d 674
|
| 100 |
1 |
|
|a Achn̤ Bruň̨, Mara̕ Još
|
| 245 |
1 |
4 |
|a Las costas procesales y las denominadas juras de cuentas
|h [Recurso electrn̤ico]
|b soluciones a problemas que la LEC silencia /
|c M® Jos ̌Achn̤ Bruň̨
|
| 256 |
|
|
|a Servicio en ln̕ea
|
| 260 |
|
|
|a Barcelona :
|b Bosch,
|c 2008
|
| 300 |
|
|
|a 301 p. ;
|c 23 cm
|
| 506 |
1 |
|
|a Contenido solo disponible en los productos indicados
|d vLex Global
|d vLex Global (Academic Edition, excluding Law Schools)
|d vLex Global (U.S. Academic Edition, Law Schools)
|d vLex Global (U.S. Academic Edition, excluding Law Schools)
|d vLex Global (Academic Edition, Law Schools)
|
| 650 |
0 |
7 |
|a Costas procesales
|2 Tesauro vLex
|
| 740 |
0 |
|
|a vLex Libros (Servicios en ln̕ea)
|
| 856 |
4 |
0 |
|u http://vlex.com/source/3349
|z Acceso restringido
|
| 942 |
|
|
|c BOOK
|
| 999 |
0 |
|
|a Law
|b Barcelona
|